• 首页
  • 本馆介绍
  • 公告通知
  • 最新文献
  • 馆藏检索
  • 电子资源
  • 读者导购
  • 参考咨询
  • 我的图书馆
  • 登录
  • 详细信息显示
  • 放入我的书架
  • 预约/预借图书
  • 作者相关作品
  • 分类相关作品
  • 丛书相关作品
  • 出版社相关作品

书目信息

  • 表格格式
  • 工作单格式
  • 卡片格式
题名:
晶体光学
    
 
作者: ;南京地质学校 主编
分册:  
出版信息: 北京   地质出版社  1979
页数: 215页
开本: 20cm
丛书名:
单 册:
中图分类: P574.1
科图分类:
主题词: 晶体光学--专业学校--教材 , 矿物学P58
电子资源:
ISBN:
000 00670nam0 2200253 45
001 0179002526
005 20040524091434.6
010    @dCNY0.65
091    @a15038.教42
100    @a19950726d1979 em y0chiy0121 ea
101 0  @achi
102    @aCN@b110000
105    @ay z 000yy
106    @ar
200 10 @a晶体光学@Ajing ti guang xue@f南京地质学校主编
210    @a北京@c地质出版社@d1979
215    @a215页@d20cm
300    @a中等专业学校试用教材
606    @a晶体光学@x专业学校@x教材
606 0  @a矿物学P58
690    @aP574.1
711 02 @a南京地质学校@Anan jing di zhi xue xiao@4主编
801  0 @aCN@bNLC@c20040524
905    @f4@b148668-671@dP574.1@e32
    
    晶体光学/南京地质学校主编.-北京:地质出版社,1979
    215页;20cm
    中等专业学校试用教材
    
    ISBN :CNY0.65
    
●
相关链接 在E读中查询图书 在五车中查询图书 在当当中查询图书 在豆瓣中查询图书


正题名:晶体光学     索取号:P574.1/32         预约/预借

序号 登录号 条形码 馆藏地/架位号 状态 备注
1 0148668   000073743   第三借阅区/ [索取号:P574.1/32] 在馆    
2 0148669   000073752   第三借阅区/ [索取号:P574.1/32] 在馆    
3 0148670   000073761   第三借阅区/ [索取号:P574.1/32] 在馆    
4 0148671   000073770   第三借阅区/ [索取号:P574.1/32] 在馆    
5 0148672   202108441   第二样本阅览室/ [索取号:P574.1/32] 在馆    
唐山师范学院图书馆 欢迎您!
大连网信软件有限公司© 版权所有